[Event "Tilburg"]
[Site "Tilburg"]
[Date "1994.??.??"]
[Round "2"]
[White "Vyzmanavin, Alexey"]
[Black "Antunes, Antonio"]
[Result "1/2-1/2"]
[WhiteElo "2610"]
[BlackElo "2510"]

1.d4 d5 2.c4 c6 3.e3 Nf6 4.Nc3 e6 5.Nf3 Nbd7 6.Qc2 Bd6 7.Bd2 O-O 8.Bd3 Qe7
9.O-O dxc4 10.Bxc4 a6 11.a4 c5 12.Rae1 Nb6 13.Bb3 Nbd5 14.Nxd5 exd5 15.dxc5 Bxc5
16.Bc3 Qe4 17.Qd1 Rd8 18.Bxf6 gxf6 19.Bc2 Qg4 20.Qd3 Qg7 21.Rc1 Ba7 22.Nh4 Qh6
23.Nf3 Bb8 24.g3 Bh3 25.Rfe1 Ba7 26.Nd4 Rac8 27.Bb3 Qg6 28.Rxc8 Rxc8 29.Qxg6+ hxg6
30.Bxd5 Rc7 31.Ne2 a5 32.Nf4 Bf5 33.b3 Kg7 34.Bc4 Rd7 35.Nd5 Bc5 36.e4 Be6
37.Kg2 f5 38.f3 fxe4 39.fxe4 b6 40.h4 Bg4 41.e5 Be6 42.Nf4 Rd2+ 43.Kf3 Rf2+
44.Ke4 Bf5+ 45.Kd5 Rf3 46.Rf1 Rxf1 47.Bxf1 Bf2 48.Bd3 Bxg3 49.Bxf5  1/2-1/2

[Event "Tilburg"]
[Site "Tilburg"]
[Date "1994.??.??"]
[Round "2"]
[White "Tukmakov, Vladimir B"]
[Black "Speelman, Jonathan S"]
[Result "1/2-1/2"]
[WhiteElo "2565"]
[BlackElo "2600"]

1.d4 d6 2.Nf3 g6 3.g3 Bf5 4.Bg2 Qc8 5.h3 Bg7 6.Nc3 Nf6 7.g4 Bd7 8.e4 O-O
9.Be3 Bc6 10.d5 Be8 11.Qd2 b5 12.Bh6 b4 13.Bxg7 Kxg7 14.Ne2 a5 15.Ng3 c5
16.O-O Nbd7 17.Qg5 Kh8 18.e5 Ng8 19.exd6 exd6 20.Qf4 Ra6 21.Rfe1 f6 22.Bf1 Rb6
23.Nd2 Ne5 24.Qe3 g5 25.f4 gxf4 26.Qxf4 Bg6 27.Nc4 Nxc4 28.Bxc4 Bxc2 29.Re6 Qd8
30.Rae1 Bg6 31.h4 Bf7 32.R6e3 Qa8 33.Qf3 f5 34.Qxf5 Qd8 35.g5 Bg6 36.Qg4 Rb7
37.Rf3 Rxf3 38.Qxf3 Rf7 39.Qg4 Qf8 40.Rf1 Qg7 41.Rxf7 Bxf7 42.Qf4 Ne7 43.Ne2 Qg6
44.h5 Qxh5  1/2-1/2

[Event "Tilburg"]
[Site "Tilburg"]
[Date "1994.??.??"]
[Round "2"]
[White "Stefansson, Hannes"]
[Black "Shabalov, Alexander"]
[Result "1/2-1/2"]
[WhiteElo "2560"]
[BlackElo "2600"]

1.e4 c6 2.d4 d5 3.Nd2 dxe4 4.Nxe4 Nd7 5.Nf3 Ngf6 6.Ng3 e6 7.Bd3 c5 8.O-O Be7
9.Qe2 O-O 10.Rd1 cxd4 11.Nxd4 Nc5 12.Bc4 Qc7 13.Nb5 Qc6 14.Bf4 a6 15.Nd4 Qe8
16.a4 Nxa4 17.c3 b5 18.Bd3 Bb7 19.Nh5 Nc5 20.Nxf6+ Bxf6 21.Bxh7+ Kxh7 22.Qh5+ Kg8
23.Qxc5 Qc8 24.Qh5 Qc4 25.Be3 Rfd8 26.Rac1 Rd5 27.Qg4 Rad8 28.f4 b4 29.Rf1 bxc3
30.bxc3 Ra5 31.Bf2 Ra2 32.h4  1/2-1/2

[Event "Tilburg"]
[Site "Tilburg"]
[Date "1994.??.??"]
[Round "2"]
[White "Svidler, Peter"]
[Black "Khalifman, Alexander"]
[Result "1-0"]
[WhiteElo "2550"]
[BlackElo "2645"]

1.e4 c5 2.Nf3 d6 3.d4 cxd4 4.Nxd4 Nf6 5.Nc3 g6 6.Be2 Bg7 7.O-O O-O 8.Be3 Nc6
9.Nb3 Be6 10.f4 Qc8 11.Kh1 Bg4 12.Bg1 Rb8 13.Nd4 a6 14.Bxg4 Qxg4 15.Qd2 Rbc8
16.Rae1 b5 17.e5 dxe5 18.fxe5 b4 19.Nxc6 Rxc6 20.Ne2 Nh5 21.Nd4 Rc5 22.Nf5 Rc7
23.Ne3 Qh4 24.Bf2 Qf4 25.Qd1 Bxe5 26.Ng4 Bxb2 27.Bb6 Qc4 28.Ne3 Qc6 29.Bxc7 Qxc7
30.Nd5 Qc4 31.Rxe7 Rd8 32.Nf6+ Bxf6 33.Qxd8+ Kg7 34.Rxf6 Nxf6 35.Re1 Qxc2
36.Qd4 Qc3 37.Qxc3 bxc3 38.Re5 Ng4 39.Rc5 Nf2+ 40.Kg1 Ne4 41.Rc6 a5 42.Kf1 Kf8
43.Ke2 Ke7 44.Kd1 f5 45.h4  1-0

[Event "Tilburg"]
[Site "Tilburg"]
[Date "1994.??.??"]
[Round "2"]
[White "Sveshnikov, Evgeny"]
[Black "Akopian, Vladimir"]
[Result "1/2-1/2"]
[WhiteElo "2585"]
[BlackElo "2630"]

1.e4 c5 2.c3 Nf6 3.e5 Nd5 4.Nf3 e6 5.Bc4 d6 6.d4 cxd4 7.cxd4 Nc6 8.O-O Nb6
9.Bd3 Nb4 10.Be2 dxe5 11.Nxe5 Nc6 12.Bb5 Bd7 13.Nc3 Be7 14.Qf3 O-O 15.Rd1 Nxe5
16.dxe5 Qc7 17.Qg3 Kh8 18.Bd3 f5 19.exf6 Qxg3 20.hxg3 gxf6 21.Be4 Bc6 22.Bxc6 bxc6
23.b3 Rfd8 24.Bb2 Kg7 25.g4 Kf7 26.Rac1 Rxd1+ 27.Nxd1 c5 28.Ba3 Nd7 29.Nc3 Ne5
30.f3 Rc8 31.Ne4 Rc6 32.Rc3 c4 33.bxc4 Rxc4 34.Rb3 Bxa3 35.Rxa3 Kg6 36.Ng3 Rc7
37.Ra6 Kf7 38.Ne4 Nc4 39.Kh2 Ke7 40.g5 fxg5 41.Nxg5 Nb6 42.Nxh7 Kd6 43.Ng5 Rg7
44.Ne4+ Ke5 45.Nf2 Rh7+ 46.Kg3 Kd4 47.f4 e5 48.fxe5 Kxe5 49.Ra3 Kd4 50.Ng4 Nd5
51.Ra4+ Kc3 52.Ne5 Kb2 53.Nc4+ Kb1 54.Ra5 Nc3 55.a3 Ka2 56.Kf4 Rf7+ 57.Rf5 Nd5+
58.Ke5 Rxf5+ 59.Kxf5 Kb3 60.Na5+ Kxa3 61.Ke5 Ne3 62.g3 Nf1  1/2-1/2

[Event "Tilburg"]
[Site "Tilburg"]
[Date "1994.??.??"]
[Round "2"]
[White "Stangl, Markus"]
[Black "Azmaiparashvili, Zurab"]
[Result "1-0"]
[WhiteElo "2535"]
[BlackElo "2625"]

1.d4 d6 2.Nf3 g6 3.e4 Bg7 4.Nc3 Nf6 5.Bf4 c6 6.Qd2 Qa5 7.h3 Nbd7 8.O-O-O b5
9.e5 b4 10.exf6 bxc3 11.Qxc3 Qf5 12.fxg7 Qxf4+ 13.Kb1 Rg8 14.Qxc6 Rb8 15.Bb5 Kd8
16.Rd3 Qf5 17.Rc3 Qxb5 18.Qc7+  1-0

[Event "Tilburg"]
[Site "Tilburg"]
[Date "1994.??.??"]
[Round "2"]
[White "Serper, Grigory"]
[Black "Yermolinsky, Alex"]
[Result "1/2-1/2"]
[WhiteElo "2575"]
[BlackElo "2590"]

1.c4 e5 2.g3 d6 3.Bg2 f5 4.d4 Be7 5.Nc3 Nf6 6.e3 O-O 7.Nge2 Nbd7 8.O-O c6
9.b4 Kh8 10.b5 e4 11.f3 d5 12.c5  1/2-1/2

[Event "Tilburg"]
[Site "Tilburg"]
[Date "1994.??.??"]
[Round "2"]
[White "Shabalov, Alexander"]
[Black "Stefansson, Hannes"]
[Result "1-0"]
[WhiteElo "2600"]
[BlackElo "2560"]

1.e4 e5 2.Nc3 Nf6 3.Bc4 Nc6 4.d3 Bb4 5.Ne2 d5 6.exd5 Nxd5 7.Bxd5 Qxd5 8.O-O Qd8
9.f4 exf4 10.Bxf4 O-O 11.Qe1 Ne7 12.Qh4 c6 13.Bg5 Qb6+ 14.Kh1 Nf5 15.Qe4 Bxc3
16.bxc3 Qa5 17.Rab1 Qxa2 18.c4 Qa5 19.Bf4 Qd8 20.Qf3 Re8 21.Nc3 Qe7 22.Ne4 f6
23.Qf2 h5 24.Bd2 b6 25.c5 bxc5 26.Rfe1 Qf7 27.Qxc5 Re5 28.Qf2 Bd7 29.Bc3 Ree8
30.Rf1 Be6 31.Nc5 Nh6 32.Qg3 Kh7 33.Rb7 Re7 34.Rxe7 Qxe7 35.Qe3 Ng4 36.Qe4+ f5
37.Rxf5 Kg8 38.Qxe6+ Qxe6 39.Nxe6 Re8 40.Ng5 Re2 41.h3  1-0

[Event "Tilburg"]
[Site "Tilburg"]
[Date "1994.??.??"]
[Round "2"]
[White "Ruban, Vadim"]
[Black "Ehlvest, Jaan"]
[Result "1/2-1/2"]
[WhiteElo "2560"]
[BlackElo "2600"]

1.d4 d5 2.c4 c6 3.Nf3 Nf6 4.Nc3 dxc4 5.a4 Bf5 6.Ne5 e6 7.f3 Bb4 8.e4 Bxe4
9.fxe4 Nxe4 10.Bd2 Qxd4 11.Nxe4 Qxe4+ 12.Qe2 Bxd2+ 13.Kxd2 Qd5+ 14.Kc2 Na6
15.Qe1 f6 16.Nxc4 O-O-O 17.Qe3 Kb8 18.Be2 e5 19.Rad1 Qe6 20.Kb1 Nb4 21.Qe4 Rd5
22.Na3 Rd4 23.Rxd4 Qa2+ 24.Kc1 exd4 25.Qxd4 Qa1+ 26.Nb1 Qxa4 27.Qd6+ Ka8
28.Na3 Qb3 29.Bc4 Qe3+ 30.Kb1 Qe4+ 31.Ka1 Nc2+ 32.Nxc2 Qxc2 33.Rd1 a6 34.Bf1 Re8
35.Qd3 Qa4+ 36.Kb1 Re5 37.Qc2 Qh4 38.Bxa6 Re1 39.Be2 Rxd1+ 40.Qxd1 Qxh2 41.Bf3 Qe5
42.Qb3 Ka7 43.Kc2 Qc5+ 44.Kd3 Qd6+ 45.Ke2 g6 46.Qd3 Qxd3+ 47.Kxd3 Kb6 48.Bd1 Kc7
49.Bb3 Kd6 50.Bg8 Ke7 51.Kd4 b6 52.Ke4  1/2-1/2

[Event "Tilburg"]
[Site "Tilburg"]
[Date "1994.??.??"]
[Round "2"]
[White "Sermek, Drazen"]
[Black "Andersson, Ulf"]
[Result "1-0"]
[WhiteElo "2515"]
[BlackElo "2620"]

1.e4 c5 2.c3 d5 3.exd5 Qxd5 4.d4 e6 5.Nf3 Nf6 6.Na3 Nc6 7.Nb5 Qd8 8.dxc5 Bxc5
9.Qxd8+ Kxd8 10.Bf4 Nd5 11.O-O-O Ke7 12.Bg3 a6 13.Nbd4 Nxd4 14.Nxd4 Rd8 15.Be2 Bd7
16.Bf3 Ba4 17.Rd2 Rd7 18.Re1 Rad8 19.Bh4+ Nf6 20.Bxb7 Rxb7 21.Nf5+ Ke8 22.Nxg7+ Kf8
23.Nxe6+ fxe6 24.Rxd8+ Kf7 25.Rc8 Bd6 26.Bg3 Be7 27.b3 Bd7 28.Rc7 Rxc7 29.Bxc7 Bc6
30.f3 Nd5 31.Be5 Bg5+ 32.f4 Be7 33.g3 h5 34.Kc2 Bc5 35.Kd3 Ne7 36.b4 Bf2
37.Re2 Bb6 38.c4 Nf5 39.a4 Bg1 40.b5 Bf3 41.Rc2 Ke7 42.bxa6 Nd6 43.Rb2 Be4+
44.Kc3 Bc6 45.Bd4 Ne4+ 46.Kd3 Nc5+ 47.Bxc5+ Bxc5 48.Rb8  1-0

[Event "Tilburg"]
[Site "Tilburg"]
[Date "1994.??.??"]
[Round "2"]
[White "Salov, Valery"]
[Black "Ye Jiangchuan"]
[Result "1/2-1/2"]
[WhiteElo "2710"]
[BlackElo "2575"]

1.d4 Nf6 2.Bg5 g6 3.Bxf6 exf6 4.g3 d5 5.Bg2 c6 6.e3 Bd6 7.Nd2 Nd7 8.Ne2 h5
9.e4 dxe4 10.Nxe4 Bc7 11.Qd2 Nb6 12.O-O-O Kf8 13.Kb1 Kg7 14.Nf4 a5 15.Rhe1 a4
16.a3 Nd5 17.Nd3 Ba5 18.c3 b6 19.Nb4 Bxb4 20.cxb4 Be6 21.Nc3 Qd7 22.h4 Rhd8
23.Be4 Ra7 24.Qd3 b5 25.Bxd5 Bxd5 26.Nxd5 Qxd5 27.Re4 Rad7 28.Qe3 Rd6 29.Rd3 Qf5
30.Kc2 Rd5 31.Kc3 Qh3 32.Kc2 Qd7 33.Kd2 Qd6 34.Kc3 Rf5 35.Kc2 Qd5 36.f4 Qd6
37.Kc3 Rd5  1/2-1/2

[Event "Tilburg"]
[Site "Tilburg"]
[Date "1994.??.??"]
[Round "2"]
[White "Rozentalis, Eduardas"]
[Black "Hjartarson, Johann"]
[Result "1-0"]
[WhiteElo "2595"]
[BlackElo "2585"]

1.e4 e5 2.Nf3 Nc6 3.Bb5 a6 4.Bxc6 dxc6 5.O-O Qd6 6.Na3 b5 7.c3 c5 8.Nc2 Bb7
9.d4 cxd4 10.cxd4 exd4 11.Nfxd4 c5 12.Nb3 O-O-O 13.Qe2 Qd3 14.Qxd3 Rxd3 15.Be3 c4
16.Nbd4 Bxe4 17.Ne1 Nf6 18.a4 b4 19.Rc1 Kb7 20.Nxd3 Bxd3 21.Rfd1 Nd5 22.Nb3 Nxe3
23.fxe3 Kb6 24.Nd2 c3 25.bxc3 Be2 26.Re1 Bd3 27.cxb4 Bxb4 28.Red1 Bc5 29.Nc4+ Bxc4
30.Rxc4 Re8 31.Kf1 Re5 32.Rd7 Bxe3 33.Rxf7 Bh6 34.g3 Rd5 35.h4 Rd1+ 36.Kg2 Rd2+
37.Kh3 Rd3 38.Rf5 Bd2 39.Re4 Rd6 40.Ree5 a5 41.Rd5 Rxd5 42.Rxd5 Bc3 43.Kg4 Kc6
44.Rh5 Kd6 45.Kf3 h6 46.Ke4 Kc6 47.Rb5 Be1 48.h5 Kd6 49.g4 Kc6 50.Kf5 Bb4
51.Kg6  1-0

[Event "Tilburg"]
[Site "Tilburg"]
[Date "1994.??.??"]
[Round "2"]
[White "Romanishin, Oleg M"]
[Black "Pigusov, Evgeny"]
[Result "1/2-1/2"]
[WhiteElo "2605"]
[BlackElo "2575"]

1.Nf3 c5 2.g3 Nf6 3.Bg2 g6 4.O-O Bg7 5.d4 cxd4 6.Nxd4 Nc6 7.c4 O-O 8.Nc3 Nxd4
9.Qxd4 d6 10.Qd3 a6 11.Be3 Ng4 12.Bd4 Ne5 13.Qd1 Rb8 14.Rc1 Be6 15.c5 Bh6
16.cxd6 Bxc1 17.dxe7 Qxe7 18.Qxc1 f6 19.Nd5 Qg7 20.f4 Nc6 21.Bc3 Rbd8 22.e4 Bxd5
23.exd5 Ne7 24.Qd2  1/2-1/2

[Event "Tilburg"]
[Site "Tilburg"]
[Date "1994.??.??"]
[Round "2"]
[White "Pigusov, Evgeny"]
[Black "Romanishin, Oleg M"]
[Result "1/2-1/2"]
[WhiteElo "2575"]
[BlackElo "2605"]

1.Nf3 Nf6 2.c4 g6 3.g3 Bg7 4.Bg2 O-O 5.d4 d6 6.Nc3 c6 7.O-O Bf5 8.b3 Ne4
9.Bb2 Nxc3 10.Bxc3 Be4 11.e3 Qc8 12.Qe2 Nd7 13.Rfd1 Nf6 14.Rac1 Re8 15.b4 d5
16.c5 a6 17.a4 Nd7 18.Bh3 Bxf3 19.Qxf3 f5 20.Qe2  1/2-1/2

[Event "Tilburg"]
[Site "Tilburg"]
[Date "1994.??.??"]
[Round "2"]
[White "Psakhis, Lev"]
[Black "Nenashev, Alexander"]
[Result "1-0"]
[WhiteElo "2605"]
[BlackElo "2575"]

1.e4 e5 2.Nf3 Nc6 3.Bc4 Nf6 4.d3 h6 5.c3 d6 6.O-O g6 7.d4 Nd7 8.a4 Bg7 9.a5 O-O
10.a6 exd4 11.cxd4 Nb4 12.axb7 Bxb7 13.Nc3 a5 14.Re1 Nb6 15.Bf1 Re8 16.h3 Qd7
17.d5 Qd8 18.Be3 c5 19.dxc6 Bxc6 20.Bd4 Bf8 21.Qd2 Nd7 22.Rad1 Nc5 23.Bc4 Nxe4
24.Qf4 d5 25.Nxe4 Rxe4 26.Rxe4 dxc4 27.Qe5 f6 28.Qe6+ Kg7 29.Rf4 Kh7 30.Rxf6  1-0

[Event "Tilburg"]
[Site "Tilburg"]
[Date "1994.??.??"]
[Round "2"]
[White "Portisch, Lajos"]
[Black "Tkachiev, Vladislav"]
[Result "1/2-1/2"]
[WhiteElo "2610"]
[BlackElo "2535"]

1.d4 Nf6 2.c4 g6 3.Nc3 Bg7 4.e4 d6 5.Be2 O-O 6.Bg5 a6 7.Nf3 h6 8.Bf4 Nbd7
9.O-O e5 10.dxe5 dxe5 11.Be3 Ng4 12.Bd2 Nc5 13.Qc1 f5 14.exf5 Bxf5 15.h3 e4
16.hxg4 exf3 17.Bxf3 Nd3 18.Bd5+ Qxd5 19.Nxd5 Nxc1 20.gxf5 Ne2+ 21.Kh1 gxf5
22.Ne7+ Kh7 23.Rae1 Nd4 24.Nd5 c6 25.Nf4 Rfe8 26.Bc3 b5 27.c5 Rad8 28.Rxe8 Rxe8
29.Rd1 Rd8 30.Rd2 Bf6 31.g3 Kg8 32.Nh5 Be5 33.Kg2 Kf7 34.f3 Ke7 35.Kf2 b4
36.Bxb4 Ne6 37.Re2 Bd4+ 38.Kf1 Kf7 39.Rd2 Rb8 40.Ba3 Rg8 41.Bb4 Rb8 42.a3 Rb5
43.Nf4 Be3 44.Rd7+ Ke8 45.Ra7 Nxf4 46.gxf4 Bxc5 47.Ra8+ Kd7 48.Bc3 Bd6 49.Ra7+ Ke6
50.Rxa6 Kd5 51.Ra7 Bxf4 52.a4 Rb8 53.Rf7 Kc4 54.Rf6 c5 55.Rxf5 Bc1 56.Be5 Rb4
57.Bd6 Be3 58.Bf4 Bd4 59.Bxh6 Rxb2 60.Bf8 Rf2+ 61.Ke1 Ra2 62.Kf1 Rf2+ 63.Ke1 Rc2
64.Bxc5 Bxc5 65.Re5 Kd3 66.Kf1 Bd4 67.Rb5 Ke3 68.Rb3+ Bc3 69.Rb8 Kxf3 70.Rf8+ Ke3
71.Re8+ Kd3 72.Rc8 Ra2 73.a5 Bd4 74.a6 Rf2+ 75.Ke1 Rf6 76.a7 Bxa7 77.Re8 Bd4
78.Kd1 Ra6 79.Rc8 Ra1+ 80.Rc1 Ra2 81.Rc8 Rg2 82.Re8 Rf2 83.Ke1 Rf6 84.Kd1 Ra6
85.Rc8 Ra1+ 86.Rc1 Ra2 87.Rc8 Re2 88.Rg8 Rh2 89.Re8 Rg2 90.Re7 Rg1+ 91.Re1 Rg8
92.Re2 Rg1+ 93.Re1 Rg2 94.Re8 Ra2 95.Rc8 Ra7 96.Rc2 Ra1+ 97.Rc1 Ra2 98.Rc8  1/2-1/2

[Event "Tilburg"]
[Site "Tilburg"]
[Date "1994.??.??"]
[Round "2"]
[White "Mozetic, Dejan"]
[Black "Epishin, Vladimir"]
[Result "1/2-1/2"]
[WhiteElo "2550"]
[BlackElo "2650"]

1.d4 Nf6 2.c4 e6 3.Nc3 Bb4 4.Qc2 O-O 5.a3 Bxc3+ 6.Qxc3 b6 7.Bg5 h6 8.Bh4 c5
9.dxc5 bxc5 10.e3 d6 11.Bd3 Nbd7 12.Ne2 Qb6 13.Rd1 Ba6 14.O-O Rfc8 15.Rd2 d5
16.Rfd1 Rab8 17.Qc2 Ne5 18.Bxf6 gxf6 19.Bh7+ Kh8 20.cxd5 Nc4 21.Nf4 Qxb2
22.dxe6  1/2-1/2

[Event "Tilburg"]
[Site "Tilburg"]
[Date "1994.??.??"]
[Round "2"]
[White "Nenashev, Alexander"]
[Black "Psakhis, Lev"]
[Result "1-0"]
[WhiteElo "2575"]
[BlackElo "2605"]

1.d4 e6 2.c4 Nf6 3.Nc3 Bb4 4.e3 b6 5.Ne2 O-O 6.a3 Bxc3+ 7.Nxc3 d5 8.Bd3 Ba6
9.Qe2 c5 10.dxc5 bxc5 11.O-O Nc6 12.cxd5 Bxd3 13.Qxd3 exd5 14.Rd1 c4 15.Qf5 Qb6
16.e4 d4 17.e5 Qc5 18.Qf4 Nd7 19.Ne4 Qxe5 20.Nd6 Na5 21.Rb1 c3 22.bxc3 dxc3
23.Rb5 c2 24.Rf1 Qxf4 25.Bxf4 Nc6 26.Rd5 Rfd8 27.Nb7 Nf6 28.Rc5 Nd4 29.Nxd8 Ne4
30.Rc4 Rxd8 31.Be3 Ne2+ 32.Kh1 N4c3 33.Bd2 f6 34.Bxc3 c1=Q 35.Rxc1 Nxc1 36.g3 Nd3
37.Kg2 Rd7 38.Rd4 Rxd4 39.Bxd4 a6 40.Kf3 Kf7 41.Ke4 Ne1 42.Bc3 Nc2 43.a4 Ke6
44.Kd3 Na3 45.Bb4  1-0

[Event "Tilburg"]
[Site "Tilburg"]
[Date "1994.??.??"]
[Round "2"]
[White "Luther, Thomas"]
[Black "Ribli, Zoltan"]
[Result "1/2-1/2"]
[WhiteElo "2510"]
[BlackElo "2605"]

1.e4 g6 2.d4 Bg7 3.Nc3 d6 4.f4 Nc6 5.Bb5 Bd7 6.Nf3 a6 7.Be2 e6 8.Be3 b5 9.a3 Nf6
10.O-O Ne7 11.Kh1 O-O 12.Nd2 Bc6 13.Bf3 Nd7 14.Nb3 Rc8 15.Qe2 Nb6 16.Rad1 Ba8
17.Bc1 Qe8 18.Qf2 f5 19.Rde1 Qf7 20.Nd2 Rce8 21.Ne2 fxe4 22.Nxe4 h6 23.c3 Nbd5
24.Kg1 Nf5 25.g4 Nfe7 26.Qh4 Nc8 27.Bg2 Qd7 28.N2g3 Nce7 29.Ne2 Rf7 30.Qg3 Ref8
31.Bd2 Nb6 32.Bc1 Bd5 33.Nf2 Bc4 34.Nd3 Nbd5 35.h3 a5 36.Bd2 Nf6 37.Nec1 a4
38.Rf2 Nh7 39.Ref1 Kh8 40.Rf3 Nd5 41.R3f2 Qe8 42.Be4 Re7 43.Bg2 Nhf6 44.Re1 Nd7
45.Qh4 Kg8 46.Qg3 Kh7 47.Qh4 Kg8 48.Qg3 N5b6 49.Ref1 e5 50.fxe5 dxe5 51.Rxf8+ Bxf8
52.dxe5 Nxe5 53.Re1 Nxd3 54.Nxd3 Rxe1+ 55.Qxe1 Qxe1+ 56.Nxe1 Bc5+ 57.Kh2 g5
58.h4 gxh4 59.Bxh6 Nd5 60.Kh3 Ne3 61.Bf3  1/2-1/2

[Event "Tilburg"]
[Site "Tilburg"]
[Date "1994.??.??"]
[Round "2"]
[White "Morozevich, Alexander"]
[Black "Milov, Vadim"]
[Result "0-1"]
[WhiteElo "2575"]
[BlackElo "2590"]

1.e4 c5 2.Nf3 Nc6 3.Bb5 e6 4.O-O Nge7 5.Re1 Nd4 6.Nxd4 cxd4 7.d3 a6 8.Ba4 Nc6
9.Nd2 Be7 10.Qh5 g6 11.Qe2 b5 12.Bb3 Bb7 13.Nf3 Bf6 14.Bh6 d6 15.Qd2 a5 16.c3 dxc3
17.bxc3 Ne5 18.Nxe5 dxe5 19.a4 g5 20.axb5 Rg8 21.Ba4 Rg6 22.b6+ Ke7 23.h4 gxh4
24.Be3 Qg8 25.f3 Rc8 26.Re2 h3 27.c4 Rg3 28.Bb5 Bh4 29.Rf1 f5 30.Kh1 Qg6
31.gxh3 Qh5 32.Bg1 Bg5 33.Qe1 Rxh3+ 34.Rh2 Bf4 35.Qf2 Rg8 36.Ba4 Rxg1+ 37.Kxg1 Bxh2+
38.Kg2 Rg3+ 39.Qxg3 Bxg3 40.Kxg3 Qg5+ 41.Kh3 Qe3  0-1

[Event "Tilburg"]
[Site "Tilburg"]
[Date "1994.??.??"]
[Round "2"]
[White "Kurajica, Bojan"]
[Black "Karpov, Anatoly"]
[Result "1/2-1/2"]
[WhiteElo "2565"]
[BlackElo "2780"]

1.d4 Nf6 2.Nf3 e6 3.g3 b5 4.Bg2 Bb7 5.O-O c5 6.c3 cxd4 7.cxd4 Be7 8.Bg5 O-O
9.Qd3 Qb6 10.Nc3 b4 11.Na4 Qa6 12.Ne5 d5 13.Qd1 Rc8 14.e3 Bf8 15.Bxf6 gxf6
16.Nd3 Nd7 17.Nac5 Nxc5 18.Nxc5 Bxc5 19.dxc5 Qb5 20.Qg4+ Kf8 21.Qf4 Kg7 22.Qg4+ Kf8
23.Rfc1 a5 24.Qf4 Kg7 25.a3 h6 26.Qg4+ Kf8 27.Qf4 Kg7 28.Bf1 Qc6 29.Bg2 Qb5
30.Bf1 Qc6 31.Qg4+  1/2-1/2

[Event "Tilburg"]
[Site "Tilburg"]
[Date "1994.??.??"]
[Round "2"]
[White "Lobron, Eric"]
[Black "Glek, Igor V"]
[Result "1/2-1/2"]
[WhiteElo "2580"]
[BlackElo "2615"]

1.d4 Nf6 2.c4 g6 3.Nc3 Bg7 4.e4 d6 5.f3 O-O 6.Be3 c5 7.dxc5 dxc5 8.Qxd8 Rxd8
9.Bxc5 Nc6 10.Nd5 Nd7 11.Bxe7 Nxe7 12.Nxe7+ Kf8 13.Nd5 Bxb2 14.Rd1 Nb6 15.Bd3 Be6
16.Ne2 Rac8 17.Rd2 Ba3 18.Rc2 Bd7 19.Nd4 Ba4 20.Nb3 Nd7 21.Ke2 Nc5 22.Rb1 b5
23.cxb5 Nxd3 24.Rxc8 Rxc8 25.Kxd3 Bxb5+ 26.Ke3 Ba6 27.Nd4 Rc4 28.Nb5 Bc5+
29.Kf4 Rc2 30.g4 Rxa2 31.Ke5 Bxb5 32.Rxb5 Bg1 33.h4 Kg7 34.g5 Rh2 35.Rb7 Rxh4
36.Kd6 h6 37.e5 Bh2 38.f4 Bxf4 39.Nxf4 Rxf4 40.e6 hxg5 41.e7 Re4 42.Kd7 Kf6
43.e8=Q Rxe8 44.Kxe8 g4 45.Rxa7 Kf5 46.Kxf7 g3 47.Ra1 Kf4 48.Kxg6  1/2-1/2

[Event "Tilburg"]
[Site "Tilburg"]
[Date "1994.??.??"]
[Round "2"]
[White "Khalifman, Alexander"]
[Black "Svidler, Peter"]
[Result "1-0"]
[WhiteElo "2645"]
[BlackElo "2550"]

1.e4 c5 2.Nf3 Nc6 3.d4 cxd4 4.Nxd4 Nf6 5.Nc3 d6 6.Bg5 e6 7.Qd2 a6 8.O-O-O Bd7
9.f4 Be7 10.Nf3 b5 11.Bxf6 gxf6 12.Bd3 Qb6 13.Rhe1 b4 14.Nd5 exd5 15.exd5 Na7
16.Qe2 Nc8 17.Nh4 Ra7 18.Bf5 h5 19.Rd3 Kd8 20.Bxd7 Rxd7 21.Nf5 Rc7 22.Re3 Qb7
23.Qf3 Qb5 24.Nd4 Qc4 25.Nc6+ Rxc6 26.dxc6 f5 27.b3 Qc5 28.Qe2 d5 29.Qxa6 Rg8
30.Qb7 Qd6 31.Rxe7 Nxe7 32.Rxe7  1-0

[Event "Tilburg"]
[Site "Tilburg"]
[Date "1994.??.??"]
[Round "2"]
[White "Kuijf, Marinus"]
[Black "Hertneck, Gerald"]
[Result "1-0"]
[WhiteElo "2425"]
[BlackElo "2605"]

1.e4 e6 2.d4 d5 3.Nd2 b6 4.Ngf3 Nf6 5.Bd3 Ba6 6.Bxa6 Nxa6 7.exd5 Qxd5 8.c4 Qb7
9.O-O O-O-O 10.Ne5 Rxd4 11.Nxf7 Rg8 12.Qe2 Kb8 13.Nf3 Re4 14.Be3 h6 15.a3 Be7
16.Nd2 Rh4 17.b4 Ng4 18.Bf4 Rf8 19.Bg3 Nxh2 20.Bxh4 Nxf1 21.Bxe7 Rxf7 22.Qxe6 Rxf2
23.Kxf2 Nxd2 24.Rd1 Qe4 25.Qxe4 Nxe4+ 26.Kf3 Nc3 27.Rc1 Na4 28.Bf8  1-0

[Event "Tilburg"]
[Site "Tilburg"]
[Date "1994.??.??"]
[Round "2"]
[White "Kengis, Edvins"]
[Black "Cvitan, Ognjen"]
[Result "1/2-1/2"]
[WhiteElo "2580"]
[BlackElo "2585"]

1.e4 c5 2.Nf3 e6 3.d4 cxd4 4.Nxd4 a6 5.Bd3 Nf6 6.O-O d6 7.Be3 Nbd7 8.f4 g6
9.Kh1 Bg7 10.Nd2 O-O 11.Qe1 Ng4 12.Bg1 e5 13.Ne2 exf4 14.Rxf4 Nc5 15.Nc3 Ne5
16.Be2 Be6 17.Nb3 Nxb3 18.axb3 Rc8 19.Rf1 Re8 20.Qd2 Rc6 21.Nd5 Nd7 22.Rab1 Qh4
23.Bd3 Nc5 24.Nf4 Nxd3  1/2-1/2

[Event "Tilburg"]
[Site "Tilburg"]
[Date "1994.??.??"]
[Round "2"]
[White "Karpov, Anatoly"]
[Black "Kurajica, Bojan"]
[Result "1/2-1/2"]
[WhiteElo "2780"]
[BlackElo "2565"]

1.d4 Nf6 2.c4 e6 3.Nf3 b6 4.g3 Ba6 5.b3 d5 6.Bg2 Bb4+ 7.Bd2 Be7 8.cxd5 exd5
9.Nc3 O-O 10.O-O Bb7 11.Rc1 Na6 12.Qc2 Ba3 13.Rcd1 Re8 14.Ne5 h6 15.Qf5 Bb4
16.Rfe1 c6 17.e4 Nc7 18.exd5 Bxc3 19.Bxc3 Ncxd5 20.Bd2 Qc8 21.Qc2 Ne7 22.Bb4 Ned5
23.Ba3 Qc7 24.Rc1 Rad8 25.f4 a5 26.Qf2 Qc8 27.h3 Qa8 28.g4 Nd7 29.Nc4 a4
30.Bd6 c5 31.dxc5 Nb4 32.Rxe8+ Rxe8 33.Bxb7 Qxb7 34.Re1 Ra8 35.c6 Nxc6 36.g5 b5
37.Nd2 hxg5 38.fxg5 axb3 39.axb3 Nf8 40.Ne4 Ng6 41.Nc5 Qc8 42.Rf1 Ra7 43.Qf5 Qxf5
44.Rxf5 Ra1+ 45.Kf2 Rd1 46.Ne4 b4 47.Rc5 Nd4 48.Rc8+ Kh7 49.Bxb4 Nxb3 50.Bc3 Rd3
51.Rc7 Kg8  1/2-1/2

[Event "Tilburg"]
[Site "Tilburg"]
[Date "1994.??.??"]
[Round "2"]
[White "Hansen, Lars Bo"]
[Black "Almasi, Zoltan"]
[Result "0-1"]
[WhiteElo "2580"]
[BlackElo "2620"]

1.e4 e5 2.Nf3 Nc6 3.d4 exd4 4.Nxd4 Nf6 5.Nxc6 bxc6 6.e5 Qe7 7.Qe2 Nd5 8.Nd2 g6
9.c4 Ba6 10.Qe4 f5 11.Qd4 Nb4 12.Qc3 c5 13.Be2 Bg7 14.f4 d6 15.Nf3 Bb7 16.a3 Nc6
17.Qb3 Rb8 18.exd6 cxd6 19.Qe3 Nd4 20.Qxe7+ Kxe7 21.Kf2 Be4 22.Ra2 Nxe2 23.Kxe2 Rhe8
24.Kf2 Rb3 25.h4 Bxf3 26.gxf3 Bd4+ 27.Kg3 Kf7 28.Rd1 Re2 29.Bd2 Bf2+ 30.Kh3 Rxf3+
31.Kg2 Rd3  0-1

[Event "Tilburg"]
[Site "Tilburg"]
[Date "1994.??.??"]
[Round "2"]
[White "Hjartarson, Johann"]
[Black "Rozentalis, Eduardas"]
[Result "1-0"]
[WhiteElo "2585"]
[BlackElo "2595"]

1.c4 e6 2.Nc3 Nf6 3.Nf3 Bb4 4.Qc2 b6 5.a3 Bxc3 6.Qxc3 Bb7 7.b4 O-O 8.Bb2 d6
9.e3 Nbd7 10.Be2 c5 11.O-O Qe7 12.d3 Rac8 13.b5 Rfd8 14.a4 a5 15.e4 d5 16.exd5 exd5
17.cxd5 c4 18.Rfe1 cxd3 19.Qxd3 Bxd5 20.Nd4 Be4 21.Qb3 Qc5 22.Rad1 Qg5 23.Qg3 Qxg3
24.hxg3 Nc5 25.Ra1 Re8 26.Red1 h6 27.Bf1 Nd5 28.g4 Nb4 29.Nf5 Bxf5 30.gxf5 Rcd8
31.Rxd8 Rxd8 32.Be5 Rd2 33.Bc7 Nd5 34.Bd8 Nb7 35.Re1 Kf8 36.Bh4 Nd6 37.Rc1 f6
38.g4 Rd4 39.f3 h5 40.Bf2 Rd2 41.Bg3 Ke7 42.Rc6 Nf7 43.Re6+ Kd7 44.Bc4 h4
45.Be1 Rd1 46.Bb3 Rd3 47.Bc2 Rd4 48.Bxh4 Ne5 49.Be4 Nc3 50.Bc6+ Kc7 51.Re7+ Kd6
52.Rxg7 Rd2 53.Bxf6 Nxa4 54.Be7+  1-0

[Event "Tilburg"]
[Site "Tilburg"]
[Date "1994.??.??"]
[Round "2"]
[White "Hertneck, Gerald"]
[Black "Kuijf, Marinus"]
[Result "1/2-1/2"]
[WhiteElo "2605"]
[BlackElo "2425"]

1.d4 d5 2.c4 c6 3.Nf3 e6 4.Nc3 dxc4 5.a4 Bb4 6.Bd2 a5 7.Qb1 Nd7 8.e4 Nb6
9.Be2 f5 10.O-O Nf6 11.exf5 exf5 12.Qa2 Be6 13.Ng5 Bg8 14.Rfe1 Be7 15.Bf1 h6
16.Ne6 Bxe6 17.Rxe6 O-O 18.Bxc4 Nxc4 19.Qxc4 Kh8 20.Ne2 Nd5 21.Nf4 Nxf4 22.Bxf4 Bb4
23.Rd1 Qd7 24.Be5 Kh7 25.f4 Qf7 26.Rd3 Rae8 27.Rg3 Rxe6 28.Rxg7+ Qxg7 29.Bxg7 Re1+
30.Kf2 Kxg7 31.d5 Re4  1/2-1/2

[Event "Tilburg"]
[Site "Tilburg"]
[Date "1994.??.??"]
[Round "2"]
[White "Epishin, Vladimir"]
[Black "Mozetic, Dejan"]
[Result "1-0"]
[WhiteElo "2650"]
[BlackElo "2550"]

1.d4 Nf6 2.c4 g6 3.Nf3 Bg7 4.g3 O-O 5.Bg2 d6 6.O-O Nbd7 7.Nc3 e5 8.e4 exd4
9.Nxd4 Re8 10.h3 Nc5 11.Re1 a5 12.Qc2 a4 13.Be3 c6 14.Rab1 Nfd7 15.b4 axb3
16.axb3 Ne5 17.Re2 Qb6 18.Rd2 Qb4 19.Kh2 h5 20.Nde2 f5 21.Rxd6 Nxe4 22.Nxe4 fxe4
23.c5 Bf5 24.Nd4 Nf3+ 25.Bxf3 Bxd4 26.Bxd4 Rad8 27.Qc4+ Qxc4 28.bxc4 exf3
29.Rxb7 Rxd6 30.cxd6 Rd8 31.Rg7+ Kf8 32.Rc7 Rc8 33.Ra7 Rd8 34.Ra3 Kg8 35.c5 Rb8
36.Ra7 Rd8 37.Rg7+ Kf8 38.Rc7 Rc8 39.Rh7 Kg8 40.Rg7+ Kf8 41.Bf6 Rd8 42.g4 hxg4
43.hxg4 Bxg4 44.Rxg6 Kf7 45.Rxg4 Kxf6 46.Kg3 Ke5 47.Kxf3 Ra8 48.Rg5+ Kf6
49.Kg4 Ra1 50.f4 Rd1 51.Rf5+ Kg6 52.Rf8  1-0

[Event "Tilburg"]
[Site "Tilburg"]
[Date "1994.??.??"]
[Round "2"]
[White "Glek, Igor V"]
[Black "Lobron, Eric"]
[Result "1-0"]
[WhiteElo "2615"]
[BlackElo "2580"]

1.e4 c5 2.Nf3 d6 3.d4 cxd4 4.Nxd4 Nf6 5.Nc3 Nc6 6.Be2 g6 7.Be3 Bg7 8.O-O O-O
9.Nb3 Be6 10.f4 Na5 11.f5 Bc4 12.Nxa5 Bxe2 13.Qxe2 Qxa5 14.Bd4 Rac8 15.Rad1 Rfe8
16.Kh1 b5 17.Nxb5 Qxa2 18.Nxa7 Qc4 19.Rfe1 Qxe2 20.Rxe2 Ra8 21.fxg6 hxg6
22.Bg1 Nd7 23.b4 Ne5 24.b5 Reb8 25.Rb1 Rb7 26.b6 Nc4 27.g3 Kf8 28.Kg2 Ke8
29.Nb5 Rab8 30.Nc7+ Kd7 31.Rf1 Rf8 32.Nd5 e6 33.Nf6+ Bxf6 34.Rxf6 Nxb6 35.e5 Nd5
36.Rf3 f5 37.c4 Nc7 38.exd6 Kxd6 39.Rd3+ Kc6 40.c5 Rb4 41.Rd6+ Kb5 42.Rb6+ Kc4
43.Re1 Rb3 44.Rc1+ Rc3 45.Ra1 Rc2+ 46.Kf1 f4 47.Ra4+ Kc3 48.Bd4+ Kd2 49.Bg7 Rf7
50.Rd4+ Kc1 51.Ke1  1-0